000 02055cam a22005654i 4500
003 PE-LiUPU
005 20250731170503.0
008 20240102s2024 mx a rb 000 0 spa d
020 _a9786071745057
035 _aPE-LiUPU2025013
040 _aPE-LiUPU
_bspa
_cPE-LiUPU
_erda
082 0 4 _a155.4183
_bD693r
_223
100 _aDorantes, Karla,
_eautora.
_95638
245 1 0 _aResiliencia en niños y adolescentes :
_brenacer ante la adversidad /
_cKarla Dorantes.
264 1 _aCiudad de México :
_bEditorial Trillas,
_c2024.
300 _a117 páginas :
_bilustraciones ;
_c23 cm
336 _atext
_2rdacontent
337 _aunmediated
_2rdamedia
338 _avolume
_2rdacarrier
504 _aIncluye referencias bibliográficas al final de los capítulos.
505 0 _aResiliencia. Antecedentes y conceptualización -- Resiliencia en situaciones de riesgo -- Resiliencia visualizada de una manera análoga. La historia de las cuauhtzin -- Resiliencia. Su impacto social y las prácticas educativas -- Resiliencia e inteligencia emocional -- Actividades para impulsar el desarrollo de las habilidades resilientes.
526 _aSEG68
526 _aSEG70
526 _aSEG69
526 _aSEG67
526 _aSEG43
526 _aP144
526 _aP143
526 _aP131
526 _aP122
526 _aP120
526 _aP117
526 _aP112
526 _aP110
526 _aP106
526 _aP101
526 _aP80
526 _aP59
526 _aP54
526 _aP35
526 _aP33
526 _aP30
650 1 4 _aResiliencia (Razgo de la personalidad)
_xNiños
_95639
650 1 4 _aResiliencia (Razgo de la personalidad)
_xAdolescentes.
_95661
650 2 4 _aInteligencia emocional en la infancia.
_95641
856 4 0 _uhttps://etrillas.mx/libro/resiliencia-en-ninos-y-adolescentes_29420
_zSitio web del editor.
942 _2ddc
_cBK
980 _621515
_aROMINA COBOS Adquisiciones
_81
_gALBERTO SANCHEZ Responsable de Automatización
999 _c62990
_d62989